=LDR 00000nam 2200000 4500 =001 INLIS000000000014592 =005 20130612105853 =008 ***********************************Ind** =035 ##$$0010-061300000014592 =041 ##$$a Ind =082 ##$$a 635.63 =090 ##$$a 635.63, swi m =100 ##$$a Swito m. DS =245 ##$$a memanfaatkan lahan 3, bercocok tanam, M. Swito DS =260 ##$$a 1990 $b Jakarta =300 ##$$a 74 hlm, Ilus, 21 cm =650 ##$$a bercocok tanam timun =850 ##$$a NBPNMAT